| 000 | 00787nam a2200205Ia 4500 | ||
|---|---|---|---|
| 003 | PE SENCICO BE | ||
| 005 | 20251020182435.0 | ||
| 008 | 200515s9999 xx 000 0 und d | ||
| 040 |
_aPE SENCICO BE _cPE SENCICO BE |
||
| 041 | _aspa | ||
| 082 |
_a378.1 _bI5 |
||
| 110 | 1 |
_aInstituto de Formación Profesional para los Trabajadores de la Construcción _92980 |
|
| 245 | 1 | 0 |
_aCertificación ocupacional. Industria de la Construcción : _bIV oficios calificados / _cInstituto de Formación Profesional para los Trabajadores de la Construcción |
| 260 |
_aMéxico, D.F. : _bInce Construcción ; _c1991 |
||
| 300 |
_a126 páginas : _c27 cm. |
||
| 650 | 1 | 0 |
_aFormación profesional _91311 |
| 650 | 2 | 0 |
_aIndustria de la construcción _9417 |
| 650 | 2 | 0 |
_aPUB INCE _92981 |
| 942 |
_cLIB _2ddc |
||
| 999 |
_c355 _d355 |
||